| 000 | 00356nam a2200145 i 4500 | ||
|---|---|---|---|
| 001 | bg | ||
| 245 | 0 |
_aAnaliz molibdena i ego splavov / _cN. M. Pjatiletova [et al.]. |
|
| 260 |
_aMoskva, _c1974. |
||
| 700 | 1 | _aPjatiletova, N. M. | |
| 040 | _cBPK | ||
| 041 | _apol | ||
| 080 | _a669.285:543.7 | ||
| 942 | _cKS | ||
| 008 | s pl f |000 0 pol | ||
| 999 |
_c16021 _d16021 |
||
| 856 |
_uhttp://koha.tu.koszalin.pl/cgi-bin/koha/opac-detail.pl?biblionumber=16021 _yKatalog online BPK |
||